|
|
|
|
| LEADER |
01570nam a2200337 a 4500 |
| 001 |
41481 |
| 003 |
BD-DhAAL |
| 005 |
20230718152212.0 |
| 008 |
230718t2016 enka b 001 0 eng |
| 010 |
|
|
|a 2011290698
|
| 020 |
|
|
|a 9781107002173 (hardback)
|
| 040 |
|
|
|a DLC
|c DLC
|d DLC
|d BD-DhAAL
|
| 042 |
|
|
|a pcc
|
| 050 |
0 |
0 |
|a QA76.889
|b .N54 2010
|
| 082 |
0 |
0 |
|a 004.1
|2 23
|
| 100 |
1 |
|
|a Nielsen, Michael A.,
|d 1974-
|9 55129
|
| 245 |
1 |
0 |
|a Quantum computation and quantum information /
|c Michael A. Nielsen & Isaac L. Chuang.
|
| 250 |
|
|
|a Tenth anniversary edition.
|
| 260 |
|
|
|a Cambridge ;
|a New York :
|b Cambridge University Press,
|c 2010.
|
| 300 |
|
|
|a xxxi, 676 pages :
|b illustrations ;
|c 26 cm.
|
| 504 |
|
|
|a Includes bibliographical references (p. [649]-664) and index.
|
| 526 |
|
|
|a CSE
|
| 541 |
|
|
|a Book finder International
|e 41481, 41482
|
| 650 |
|
0 |
|a Quantum computers.
|
| 700 |
1 |
|
|a Chuang, Isaac L.,
|d 1968-
|9 55130
|
| 852 |
|
|
|a Ayesha Abed Library
|c General Stacks
|
| 856 |
4 |
1 |
|3 Table of contents only
|u http://www.loc.gov/catdir/enhancements/fy1117/2011290698-t.html
|
| 942 |
|
|
|2 ddc
|c BK
|
| 999 |
|
|
|c 45708
|d 45708
|
| 952 |
|
|
|0 0
|1 0
|2 ddc
|4 0
|6 004_100000000000000_NIE
|7 0
|9 73913
|a BRACUL
|b BRACUL
|c GEN
|d 2023-07-12
|e Book Finder International
|g 6981.60
|l 6
|m 51
|o 004.1 NIE
|p 3010041481
|q 2026-08-09
|r 2026-04-11
|s 2026-04-11
|t 1
|v 6981.60
|w 2023-07-12
|y BK
|
| 952 |
|
|
|0 0
|1 0
|2 ddc
|4 0
|6 004_100000000000000_NIE
|7 0
|9 73914
|a BRACUL
|b BRACUL
|c GEN
|d 2023-07-12
|e Book Finder International
|g 6981.60
|l 7
|m 58
|o 004.1 NIE
|p 3010041482
|q 2026-05-14
|r 2026-05-07
|s 2026-05-07
|t 2
|v 6981.60
|w 2023-07-12
|y BK
|